000
00267nam a2200109Ia 4500
008
220204s9999 xx 000 0 und d
082
_a
82-3
_b
BLY
100
_a
Blyton, Enid
245
4
_a
The Mystery of the hidden house
260
_a
Lonon
_b
Granada
_c
1982
942
_c
BK
999
_c
37657
_d
37657